Письмо посла США в СССР А. Гарримана наркому иностранных дел СССР В. М. Молотову о начале рассылки приглашений на Конференцию в ...

RUSMARC
00004659cbm0a2200301#x 450
00140b09cf0-4965-40cd-9c1a-7e21e6c9ad57
00520250303110806.0
100##$a20250303j19450304k###0rusy50 ca
1010#$arus
102##$aRU
1220#$ad19450304##
2001#$aПисьмо посла США в СССР А. Гарримана наркому иностранных дел СССР В. М. Молотову о начале рассылки приглашений на Конференцию в Сан-Франциско
$j4 марта 1945 г.
251##$cДокумент
300##$aПодлинник
461#0$12001
$aФ. 06
$1251
$cФонд
$1852
$j06
462#0$12001
$aОп. 7. П. 44
$1251
$cОпись
$1852
$j7. П. 44
462#0$12001
$aД. 696
$vЛ. 29
$1251
$cДело
$1852
$j696
60112$2prlib_sh
$3LIBNET\UAF\0000116006
$aКонференция Объединенных Наций
$f1945
$eСан-Франциско, город; США
$jДокументы и материалы
605##$2prlib_sh
$3LIBNET\UAF\0000088514
$aВторая мировая война в архивных документах (Комплекс оцифрованных архивных документов, кино- и фотоматериалов)
$lколлекция
605##$2acquisition_Prlib
$3DITM\AF\0000002775
$aВласть
$lколлекция
6061#$2nlr_sh
$3RU\NLR\AUTH\66386788
$aМеждународные отношения
$z1944 - 1945
$jДокументы и материалы
686##$a63.3(2)622,13ю1
$vLBC/M
$2rubbk
686##$a63.3(0)6-6ю1
$vLBC/M
$2rubbk
801#0$aRU
$bПБ им. Б.Н. Ельцина
$c20250303
801#1$aRU
$bПБ им. Б.Н. Ельцина
$c20250303
$2rusmarc
801#2$aRU
$bПБ им. Б.Н. Ельцина
$c20250303
$2rusmarc
850##$aАрхив внешней политики Российской Федерации
852##$aАВП РФ
$jЛ. 29
035##$aLIBNET\0001457925
937##$d196194755
$hФедеральное архивное агентство
8564#$uhttp://readingroom.main.prlib.ru/item.aspx?id_node=n196194755&mode=full
Формат отображения